Personnages des films Pixar - Statistiques

Statistiques générales
  • Ce quiz a été pris 3 090 fois
  • Le résultat moyen est 25 sur 60
Statistiques - réponses
Hint Réponse % Correct
Un jouet astronaute, connu pour sa phrase. Buzz l'éclair
98%
Une voiture rouge, championne de sport automobile Flash McQueen
92%
Un petit robot en charge de nettoyer la Terre Wall-E
92%
Un poisson-clown qui est kidnappé par les humains Némo
91%
Un cowboy, ami du 1er personnage de cette liste Woody
91%
Un rat, chef cuisnier d'un restaurant parisien Rémy
88%
Une émotion bleue Tristesse
84%
Un poisson bleu amnésique Dory
82%
Une émotion jaune toujours contente Joie
81%
Arrière grand-mère du personnage principal qui perd la mémoire. Mama Coco
79%
Personnage rouge qui s'enflamme quand il s'énerve Colère
77%
Le propriétaire des jouets de Toy Story Andy
72%
Un monstre bleu et violet qui terrorise les enfants Jacques "Sulli" Sullivan
70%
Petit cyclope vert Bob Razowski
63%
Un dinosaure vert qui perd sa famille. Arlo
61%
Robot blanc, chargée de retrouver des traces de vie sur Terre Eve
59%
Un personnage violet effrayé par tout ce qui l'entoure. Peur
59%
Un dépanneur rouillé et sans capot Mater/Martin
55%
Une jeune archère rousse. Mérida
55%
Son épouse qui possède également des oreilles de rechange. Madame Patate
52%
Un enfant mexicain voulant faire de la musique Miguel
52%
Un époux qui possède des yeux de rechange. Monsieur Patate
52%
Un jouet dinosaure de couleur verte, et trouillard. Rex
51%
Une super-héroïne qui peut allonger ses membres Helen Parr/Elastigirl
43%
Un jeune "cuisinier" qui prépare ses plats avec un rat sur la tête. Linguini
42%
Une blonde avec une collection impressionnante de vêtements. Barbie
41%
Personnage avec des émotions, déménageant à San Francisco Riley
41%
Une cowgirl, amoureuse du numéro 1 de cette liste. Jessie
39%
La fille de deux super-héros aux pouvoirs télékinétiques. Violette Parr
39%
Petite humaine, qui pénètre dans le monde des monstres. Bouh
37%
Un vieil homme qui s'envole avec sa maison Carl Fredricksen
37%
Son alter-ego masculin. Ken
37%
Une gardienne de mouton, amoureuse du cowboy. La Bergère/Bo Peep
36%
Un chien à ressors Zigzag
35%
Un bébé très imprévisible. Jack-Jack Parr
33%
Un jouet fabriqué de déchets, qui aime beaucoup les poubelles. Fourchette
32%
Ancien super-héros connu pour sa force Bob Parr/M. Indestructible
31%
Une styliste de petite taille qui appelle tout le monde "darling". Edna Mode
27%
Un chien qui parle, très amical qui aime beaucoup les écureuils. Dug
26%
Un chanteur et guitariste célèbre au Mexique, écrasé par une cloche Ernesto de la Cruz
26%
Jeune scout s'envolant avec la maison à ballons Russell
26%
Un super-héros de glace. Frozone
24%
Un ours rose machiavélique. Lotso
24%
Un animal violet à trompe, imaginaire qui disparaît oublié. Bing Bong
22%
Une cuisinière française au sein du restaurant Gusteau. Colette Tatou
20%
Un requin qui a arrêté de manger du poisson. Bruce
19%
Squelette cherchant à aller dans le monde des vivants Hector
19%
Un super-vilain sans super-pouvoir, cherchant à éliminer les supers. Syndrome
18%
Un oiseau multicolore, poursuivi par des chiens qui parlent. Kevin
17%
Le mentor du deuxième personnage de cette liste. Doc Hudson
14%
Critique culinaire, amateur de ratatouille. Anton Ego
13%
La nouvelle propriétaire des jouets. Bonnie
13%
Une fourmi maladroite Tilt
12%
un poulpe cherchant à rester dans l'aquarium. Hank
8%
Le pilote automatique du vasseau spatial l'Axiom. AUTO
5%
L'avocate de Radiator Spring. Sally Carrera
5%
Un petit humain sauvage, qui voyage avec un dinosaure vert. Spot
5%
La princesse fourmie qui tombe amoureuse du héros. Atta
4%
Le père de la jeune archère rousse Fergus
4%
Un robot nettoyeur qui poursuit la saleté. Moe
1%
Aucun quiz correspondant
Distribution des résultats
% des personnes avec chaque résultat
Percentile par nombre de réponses
Votre historique - résultats
Vous n’avez pas pris ce quiz